00766nam a2200241Ia 4500008004100000041001200041082001200053100001700065245003800082260003400120300000800154365000800162520001600170520003800186546001200224630003800236650001600274655001600290730003800306942000900344999001900353952015200372101110s9999 xx 000 0 und d aENGLISH bSR34055 aMollhan S.A. aIntroduction tonumerical analysis c2009bBook & Allicd, Calcatta a276 b175 aMathematics aUGC XIth Five Year Plan 2009-2010 aENGLISH aIntroduction tonumerical analysis aMathematics aMathematics aIntroduction tonumerical analysis cBOOK c826556d826553 00104070aDBJbDBJd0000-00-00eAnanjani prakashan, Pune bill no.5354 dt.28/3/10g175.00j0l0pDBJSR34055r2010-11-11 00:00:00w2010-11-11yBOOK